<?xml version="1.0" encoding="UTF-8"?>
<record
    xmlns:xsi="http://www.w3.org/2001/XMLSchema-instance"
    xsi:schemaLocation="http://www.loc.gov/MARC21/slim http://www.loc.gov/standards/marcxml/schema/MARC21slim.xsd"
    xmlns="http://www.loc.gov/MARC21/slim">

  <leader>01304nam a22002657a 4500</leader>
  <controlfield tag="005">20170124102932.0</controlfield>
  <datafield tag="010" ind1=" " ind2=" ">
    <subfield code="a">A-802493</subfield>
  </datafield>
  <datafield tag="020" ind1=" " ind2=" ">
    <subfield code="c">150.00</subfield>
    <subfield code="a">8185050597</subfield>
  </datafield>
  <datafield tag="035" ind1=" " ind2=" ">
    <subfield code="a">A-802493</subfield>
  </datafield>
  <datafield tag="037" ind1=" " ind2=" ">
    <subfield code="b">Cen Lib/Ret</subfield>
  </datafield>
  <datafield tag="040" ind1=" " ind2=" ">
    <subfield code="a">DPL</subfield>
    <subfield code="b">HN</subfield>
  </datafield>
  <datafield tag="082" ind1=" " ind2=" ">
    <subfield code="a">425</subfield>
    <subfield code="b">&#x92E;&#x939;&#x947;&#x936;&#x94D;&#x935;</subfield>
  </datafield>
  <datafield tag="100" ind1=" " ind2=" ">
    <subfield code="a">&#x92E;&#x939;&#x947;&#x936;&#x94D;&#x935;&#x930;&#x940;, &#x935;&#x947;&#x926;&#x92A;&#x94D;&#x930;&#x915;&#x93E;&#x936; </subfield>
    <subfield code="9">43407</subfield>
  </datafield>
  <datafield tag="245" ind1=" " ind2=" ">
    <subfield code="a">&#x939;&#x93F;&#x928;&#x94D;&#x926;&#x940;-&#x915;&#x94D;&#x930;&#x93F;&#x92F;&#x93E;&#x92A;&#x926; :</subfield>
    <subfield code="c">&#x935;&#x947;&#x926;&#x92A;&#x94D;&#x930;&#x915;&#x93E;&#x936; &#x92E;&#x939;&#x947;&#x936;&#x94D;&#x935;&#x930;&#x940;</subfield>
    <subfield code="b">&#x938;&#x902;&#x915;&#x93E;&#x932;&#x93F;&#x915; &#x905;&#x927;&#x94D;&#x92F;&#x92F;&#x928; /</subfield>
  </datafield>
  <datafield tag="246" ind1=" " ind2=" ">
    <subfield code="a">Hindi-kriyapad : sankalik adhyayan /</subfield>
    <subfield code="b">by Vedprakash Maheshwari</subfield>
  </datafield>
  <datafield tag="260" ind1=" " ind2=" ">
    <subfield code="b">&#x915;&#x93E;&#x926;&#x92E;&#x94D;&#x92C;&#x930;&#x940; &#x92A;&#x94D;&#x930;&#x915;&#x93E;&#x936;&#x928; </subfield>
    <subfield code="a">&#x926;&#x93F;&#x932;&#x94D;&#x932;&#x940; </subfield>
    <subfield code="c">1996</subfield>
  </datafield>
  <datafield tag="270" ind1=" " ind2=" ">
    <subfield code="a">5451, &#x936;&#x93F;&#x935; &#x92E;&#x93E;&#x930;&#x94D;&#x915;&#x93F;&#x91F;, &#x928;&#x94D;&#x92F;&#x942; &#x91A;&#x928;&#x94D;&#x926;&#x94D;&#x930;&#x93E;&#x935;&#x932;, &#x91C;&#x935;&#x93E;&#x939;&#x930; &#x928;&#x917;&#x930; </subfield>
    <subfield code="b">&#x926;&#x93F;&#x932;&#x94D;&#x932;&#x940; </subfield>
    <subfield code="e">110007</subfield>
  </datafield>
  <datafield tag="300" ind1=" " ind2=" ">
    <subfield code="a">152&#x92A;&#x943;. </subfield>
    <subfield code="c">20&#x938;&#x947;&#x92E;&#x940; (&#x938;&#x91C;&#x93F;&#x932;&#x94D;&#x926;)</subfield>
  </datafield>
  <datafield tag="500" ind1=" " ind2=" ">
    <subfield code="a">&#x938;&#x902;&#x926;&#x930;&#x94D;&#x92D; &#x917;&#x94D;&#x930;&#x928;&#x94D;&#x925; &#x936;&#x93E;&#x92E;&#x93F;&#x932; </subfield>
  </datafield>
  <datafield tag="650" ind1=" " ind2=" ">
    <subfield code="a">&#x939;&#x93F;&#x902;&#x926;&#x940; -- &#x915;&#x94D;&#x930;&#x93F;&#x92F;&#x93E;&#x92A;&#x926;</subfield>
    <subfield code="9">2082</subfield>
  </datafield>
  <datafield tag="650" ind1=" " ind2=" ">
    <subfield code="a">&#x939;&#x93F;&#x928;&#x94D;&#x926;&#x940; &#x915;&#x94D;&#x930;&#x93F;&#x92F;&#x93E;&#x92A;&#x926; -- &#x905;&#x927;&#x94D;&#x92F;&#x92F;&#x928; -- &#x924;&#x93E;&#x924;&#x94D;&#x92A;&#x930;&#x94D;&#x92F; </subfield>
    <subfield code="9">45415</subfield>
  </datafield>
  <datafield tag="650" ind1=" " ind2=" ">
    <subfield code="a">Hindi -- verb</subfield>
    <subfield code="9">45416</subfield>
  </datafield>
  <datafield tag="650" ind1=" " ind2=" ">
    <subfield code="a">Hindi verbs - study - implies</subfield>
    <subfield code="9">45417</subfield>
  </datafield>
  <datafield tag="942" ind1=" " ind2=" ">
    <subfield code="2">ddc</subfield>
    <subfield code="c">HN</subfield>
    <subfield code="h">425</subfield>
    <subfield code="m">&#x92E;&#x939;&#x947;&#x936;&#x94D;&#x935;</subfield>
  </datafield>
  <datafield tag="999" ind1=" " ind2=" ">
    <subfield code="c">111999</subfield>
    <subfield code="d">111999</subfield>
  </datafield>
  <datafield tag="952" ind1=" " ind2=" ">
    <subfield code="0">0</subfield>
    <subfield code="1">0</subfield>
    <subfield code="4">0</subfield>
    <subfield code="7">0</subfield>
    <subfield code="a">L</subfield>
    <subfield code="b">L</subfield>
    <subfield code="d">2015-08-06</subfield>
    <subfield code="e">Cen Lib/Ret</subfield>
    <subfield code="g">150.00</subfield>
    <subfield code="l">0</subfield>
    <subfield code="o">425 &#x92E;&#x939;&#x947;&#x936;&#x94D;&#x935;</subfield>
    <subfield code="p">A-802493</subfield>
    <subfield code="r">2015-08-06 00:00:00</subfield>
    <subfield code="t">1</subfield>
    <subfield code="v">150.00</subfield>
    <subfield code="w">2015-08-06</subfield>
    <subfield code="y">HN</subfield>
  </datafield>
</record>
